000 00607cam a22001814a 4500
005 20250605164250.0
008 250528s ||||||||||||||||||||||||d
035 _a21718
040 _aGR-AtMCL
_bgre
_dGR-AtMCL
_eAACR2
245 1 _aΟΙ ΓΕΙΤΟΝΙΚΟΙ ΜΑΣ ΛΑΟΙ ΒΟΥΛΓΑΡΟΙ ΚΑΙ ΤΟΥΡΚΟΙ ΣΤΑ ΣΧΟΛΙΚΑ ΒΙΒΛΙΑΣ ΙΣΤΟΡΙΑΣ ΓΥΜΝΑΣΙΟΥ ΚΑΙ ΛΥΚΕΙΟΥ
250 _a1
260 _bΑδελφοι Κυριακιδη,
_c1983
300 _a91
700 1 _aΑχλης Νικος
_97648
942 _cBK
999 _c6777
_d6777